Literatura española: edad media
Guardat en:
| Autor principal: | |
|---|---|
| Format: | Llibre |
| Idioma: | espanyol |
| Publicat: |
Santiago
Fondo Editorial Educación Moderna
1963
|
| Matèries: | |
| Etiquetes: |
Afegir etiqueta
Sense etiquetes, Sigues el primer a etiquetar aquest registre!
|
MARC
| LEADER | 00000nam a2200000 a 4500 | ||
|---|---|---|---|
| 001 | UCX3184 | ||
| 003 | CL-VaPUC | ||
| 008 | 911009e19630000CL |||||||||||||||||spa|d | ||
| 082 | 0 | 4 | |a 860.9 |b LIV |2 21 |
| 100 | |a Livacic Gazzano, Ernesto |e autor |9 342702 | ||
| 245 | 1 | 0 | |a Literatura española: edad media |
| 300 | |a 505 p | ||
| 942 | |c BK | ||
| 945 | |d 19911009 00:00:00 | ||
| 260 | |a Santiago |b Fondo Editorial Educación Moderna |c 1963 | ||
| 650 | 7 | |a LITERATURA ESPAÑOLA ANTERIOR A 1500 |2 CL-VaPUC |9 269445 | |
| 650 | 0 | |a Historia y crítica |9 257407 | |
| 583 | |a last modification |c 19911009 00:00:00 |k Rodrigo Vera | ||
| 999 | |c 223994 |d 223992 | ||
| 952 | |0 0 |1 0 |4 0 |6 860_900000000000000_LIV_1963 |7 0 |8 A |9 220318 |a BIBEDU |b BIBEDU |d 2019-11-15 |i 2890550 |o 860.9 LIV 1963 |p 2890550 |r 2019-11-15 |w 2019-11-15 |y BK |k LIT | ||